000 00793nas a2200265Ia 4500
001 A07/R085-12200 [r000009510]
003 IT-MiCISF
008 161014c99999999xx |||||||||||| ||und||
040 _aIT-MiCISF
_cIT-MiCISF
041 _aITALIANO
100 _aBonomi Gabriele
210 _aLa coppia giovane
222 _aLa coppia giovane
245 0 _aLa nevrosi sessuale
250 _a1a ed.
260 _c1988
501 _bCISF - Centro Internazionale Studi Famiglia - Via Giotto, 36 20145 MILANO (non commercial uses only)
_cCopyright 2016
300 _app. 22-28
362 _an. 2, aprile [1988]
500 _a Tema: sessualità, problemi-sessualità, piacere
650 _asessualità
_vdivulgazione
700 _aAA.VV.
942 _cCR
957 _71
999 _a12200
_bSi
_g1
_c232402
_d232402